| 000 | 00952nam a22002057a 4500 | ||
|---|---|---|---|
| 999 |
_c59845 _d59845 |
||
| 003 | Ge_BSU | ||
| 005 | 20230427160252.0 | ||
| 008 | 230427s2010ge xxu||||| |||| 00| 0 geo d | ||
| 020 | _a9789941128820 | ||
| 041 | _ageo | ||
| 080 | _a39(479.22) ს-32 | ||
| 245 |
_aსაქართველოს ეთნოგრაფია/ეთნოლოგია / _c როლანდ თოფჩიშვილის საერთო რედ. |
||
| 264 |
_aთბილისი : _bუნივერსალი, _c2010. |
||
| 300 |
_a737 გვ. ; _b 25 სმ. |
||
| 504 | _aბიბლიოგრ.: გვ. 706-733. | ||
| 653 | _aეთნოგრაფიული მეცნიერება საქართველოში. | ||
| 653 | _aქართველების ეთნოგრაფია. | ||
| 700 |
_aთოფჩიშვილი, როლანდ _eრედაქტორი _94620 |
||
| 942 |
_2udc _cBK |
||